History of Chinese political thought during the early Tsin period / (Record no. 200802)
[ view plain ]
| 000 -LEADER | |
|---|---|
| fixed length control field | 01122nam a2200337 a 4500 |
| 001 - CONTROL NUMBER | |
| control field | vtls000195130 |
| 003 - CONTROL NUMBER IDENTIFIER | |
| control field | NLI |
| 005 - DATE AND TIME OF LATEST TRANSACTION | |
| control field | 20210602113145.0 |
| 008 - FIXED-LENGTH DATA ELEMENTS--GENERAL INFORMATION | |
| fixed length control field | 101125s1930 nyuc 001 0 eng |
| 020 ## - INTERNATIONAL STANDARD BOOK NUMBER | |
| Terms of availability | USD 8.50 |
| 039 #9 - LEVEL OF BIBLIOGRAPHIC CONTROL AND CODING DETAIL [OBSOLETE] | |
| -- | 201011252317 |
| -- | VLOAD |
| 040 0# - CATALOGING SOURCE | |
| Original cataloging agency | NLI |
| Language of cataloging | eng |
| Transcribing agency | Datasoft 1 |
| Description conventions | AACR2 |
| 041 0# - LANGUAGE CODE | |
| Language code of text/sound track or separate title | eng |
| 044 ## - COUNTRY OF PUBLISHING/PRODUCING ENTITY CODE | |
| MARC country code | nyu |
| 082 04 - DEWEY DECIMAL CLASSIFICATION NUMBER | |
| Classification number | 320.10957 |
| 100 0# - MAIN ENTRY--PERSONAL NAME | |
| Personal name | Chi-chao Lian, |
| Dates associated with a name | 1873-1929 |
| 9 (RLIN) | 375229 |
| 245 10 - TITLE STATEMENT | |
| Title | History of Chinese political thought during the early Tsin period / |
| Statement of responsibility, etc. | by Lian Chi-Chao |
| 260 ## - PUBLICATION, DISTRIBUTION, ETC. | |
| Place of publication, distribution, etc. | New York : |
| Name of publisher, distributor, etc. | Paragon Book, |
| Date of publication, distribution, etc. | 1930 |
| 300 ## - PHYSICAL DESCRIPTION | |
| Extent | viii, 210 p. : |
| Other physical details | port. ; |
| Dimensions | 19 cm. |
| 500 ## - GENERAL NOTE | |
| General note | Includes index |
| 650 #0 - SUBJECT ADDED ENTRY--TOPICAL TERM | |
| Topical term or geographic name entry element | Political science |
| Geographic subdivision | China |
| General subdivision | History |
| 9 (RLIN) | 314089 |
| 650 #0 - SUBJECT ADDED ENTRY--TOPICAL TERM | |
| Topical term or geographic name entry element | Philosophy, Chinese |
| 9 (RLIN) | 171066 |
| 650 #0 - SUBJECT ADDED ENTRY--TOPICAL TERM | |
| Topical term or geographic name entry element | Ethics |
| Geographic subdivision | China |
| 9 (RLIN) | 171980 |
| 651 #0 - SUBJECT ADDED ENTRY--GEOGRAPHIC NAME | |
| Geographic name | China |
| General subdivision | Politics and government |
| 9 (RLIN) | 7793 |
| 887 ## - NON-MARC INFORMATION FIELD | |
| Content of non-MARC field | |
| 901 ## - LOCAL DATA ELEMENT A, LDA (RLIN) | |
| a | 390390 |
| b | 19.05.1969 |
| 902 ## - LOCAL DATA ELEMENT B, LDB (RLIN) | |
| a | E 320.10957 L 613 |
| 942 ## - ADDED ENTRY ELEMENTS (KOHA) | |
| Source of classification or shelving scheme | Dewey Decimal Classification |
| Koha item type | Books |
| 949 ## - LOCAL PROCESSING INFORMATION (OCLC) | |
| -- | VIRTUAITEM |
| -- | 10000 |
| -- | 100 |
| 6 | PUR000390390ENG |
| Withdrawn status | Lost status | Damaged status | Not for loan | Collection code | Home library | Current library | Shelving location | Date acquired | Total Checkouts | Full call number | Barcode | Date last seen | Price effective from | Koha item type |
|---|---|---|---|---|---|---|---|---|---|---|---|---|---|---|
| New English | National Library of India | National Library of India | New English - Main Stack Division | E 320.10957 L 613 | PUR000390390ENG | 02/06/2021 | 02/06/2021 | Books |
